[Event "32. Kieler Open 2019 B-Open"]
[Site "Kiel"]
[Date "2019.07.28"]
[Round "4.28"]
[White "Friedrich, Heike"]
[Black "Klich, Mirko"]
[Result "1-0"]
[WhiteElo "1155"]
[BlackElo "1294"]
[Annotator "HAD"]
[PlyCount "87"]
[EventDate "2019.??.??"]
[WhiteTeam "Raisdorfer SG"]
[BlackTeam "SC Rochade Zeulenroda"]

1. e4 d6 2. Bc4 Nf6 3. Nc3 Nbd7 4. Nf3 h6 5. O-O e5 6. d3 c6 7. Be3 Be7 8. d4
Qc7 9. b3 Nf8 10. Rb1 b5 11. Bd3 Ng6 12. a4 b4 13. Na2 a5 14. c3 Rb8 15. cxb4
axb4 16. Bd2 d5 17. exd5 Nxd5 18. Rc1 Bd7 19. Bxg6 fxg6 20. Nxe5 O-O 21. Nxg6
Rf7 22. Nxe7+ Rxe7 23. g3 Re4 24. Rc4 Bh3 25. Qf3 Rbe8 26. Nxb4 Nxb4 27. Bxb4
Bg4 28. Qd3 Be2 29. Qc2 Qf7 30. Re1 Bd3 31. Qxd3 Rxe1+ 32. Bxe1 Rxe1+ 33. Kg2
Qd5+ 34. f3 Qe6 35. Rc2 Kf8 36. g4 Rb1 37. Qf5+ Qxf5 38. gxf5 Rxb3 39. Rxc6 Rb4
40. f6 Rxd4 41. a5 Rd7 42. a6 Ra7 43. Rb6 gxf6 44. Rb8+ 1-0

[Event "32. Kieler Open 2019 B-Open"]
[Site "Kiel"]
[Date "2019.07.28"]
[Round "4.30"]
[White "Lauzening, Rene"]
[Black "Woltmann, Peter"]
[Result "0-1"]
[WhiteElo "1047"]
[BlackElo "1523"]
[Annotator "HAD"]
[PlyCount "86"]
[EventDate "2019.??.??"]
[WhiteTeam "Raisdorfer SG"]
[BlackTeam "Raisdorfer SG"]

1. e4 e6 2. f4 d5 3. d3 c5 4. e5 b6 5. d4 Nc6 6. Bb5 Bd7 7. Bxc6 Bxc6 8. Nf3
Ne7 9. Nbd2 Nf5 10. Qe2 cxd4 11. Nb3 Bc5 12. Qd3 O-O 13. Nbxd4 Nxd4 14. Nxd4
Bb7 15. c3 a5 16. Be3 Ba6 17. Qc2 Qh4+ 18. g3 Qh5 19. h3 Bxd4 20. Bxd4 Qf3 21.
Rg1 Bd3 22. Qf2 Qxf2+ 23. Bxf2 b5 24. O-O-O Be4 25. a3 Rab8 26. Rd4 Rfc8 27.
Be1 b4 28. axb4 axb4 29. Rf1 Bg2 30. Rf2 Bxh3 31. Bd2 Bf5 32. Kd1 bxc3 33. Bxc3
Ra8 34. Kd2 Ra1 35. Rb4 Rg1 36. Rf3 Rg2+ 37. Ke1 Ra8 38. b3 h6 39. Bd4 Raa2 40.
Bf2 Bg4 41. Rd3 Rgxf2 42. Rdd4 Rae2+ 43. Kd1 Rf1# 0-1

[Event "32. Kieler Open 2019 B-Open"]
[Site "Kiel"]
[Date "2019.07.28"]
[Round "4.31"]
[White "Stolzenwald, Frank"]
[Black "Wentzel, Martin"]
[Result "1/2-1/2"]
[WhiteElo "1307"]
[BlackElo "1335"]
[Annotator "HAD"]
[PlyCount "48"]
[EventDate "2019.??.??"]
[WhiteTeam "SF Hamburg"]
[BlackTeam "SG Jasmund"]

1. d4 d5 2. e3 Nc6 3. h3 a6 4. Nf3 f6 5. Bd3 e6 6. Bd2 Bd6 7. Nc3 Qe7 8. Qe2
Bb4 9. Nd1 Bd7 10. c3 Ba5 11. a3 e5 12. e4 Qd6 13. dxe5 fxe5 14. exd5 Qxd5 15.
Bc4 Qd6 16. Be3 O-O-O 17. b4 Bb6 18. Bxg8 Rhxg8 19. O-O Rde8 20. Qd2 Bxe3 21.
fxe3 Qe6 22. Ra2 e4 23. Nd4 g6 24. Nxc6 Bxc6 1/2-1/2

[Event "32. Kieler Open 2019 B-Open"]
[Site "Kiel"]
[Date "2019.07.28"]
[Round "4.33"]
[White "Schulz, Jale"]
[Black "Frahm, Ben Jonas"]
[Result "1-0"]
[WhiteElo "933"]
[BlackElo "776"]
[Annotator "HAD"]
[PlyCount "49"]
[EventDate "2019.??.??"]
[WhiteTeam "Raisdorfer SG"]
[BlackTeam "Raisdorfer SG"]

1. e4 e5 2. Nf3 Nc6 3. Bc4 Nf6 4. Nc3 d6 5. h3 Be6 6. Bxe6 fxe6 7. O-O d5 8.
exd5 exd5 9. d4 Bd6 10. Bg5 O-O 11. Nxd5 Nb4 12. Nxf6+ gxf6 13. Bh4 e4 14. Nd2
Qe8 15. Qg4+ Kh8 16. Nxe4 Nxc2 17. Rad1 f5 18. Qe2 Nxd4 19. Rxd4 Qe5 20. f4
Qxd4+ 21. Nf2 Qxf4 22. g3 Rfe8 23. Qb5 c6 24. Qb3 Qb4 25. Bf6# 1-0

[Event "32. Kieler Open 2019 B-Open"]
[Site "Kiel"]
[Date "2019.07.29"]
[Round "5.1"]
[White "Noreisch, Reiner"]
[Black "von Koschitzky, Tilo"]
[Result "1-0"]
[WhiteElo "1602"]
[BlackElo "1774"]
[Annotator "HJH"]
[PlyCount "79"]
[EventDate "2019.??.??"]
[WhiteTeam "Lübecker SV"]
[BlackTeam "SK Doppelbauer Kiel"]

1. c4 f5 2. g3 g6 3. Bg2 Bg7 4. e3 e5 5. Ne2 Nf6 6. Nbc3 c6 7. O-O O-O 8. Qb3
Na6 9. c5+ Kh8 10. d4 e4 11. f3 exf3 12. Bxf3 Re8 13. Nf4 d5 14. cxd6 Qxd6 15.
a3 Nc7 16. Qc2 g5 17. Nd3 Ne4 18. Qg2 Nf6 19. Ne5 Be6 20. h3 Nd7 21. Nd3 Bc4
22. Be2 Bxd4 23. exd4 Qxd4+ 24. Qf2 Qxf2+ 25. Kxf2 Rxe2+ 26. Kxe2 Ne5 27. Rd1
Nxd3 28. Ke3 Rd8 29. b3 f4+ 30. gxf4 gxf4+ 31. Ke4 Nf2+ 32. Kxf4 Nxd1 33. Nxd1
Bxb3 34. Bb2+ Kg8 35. Ne3 Rd2 36. Rg1+ Kf8 37. Bg7+ Kf7 38. Bc3 Ne6+ 39. Kf3
Rd3 40. Bb2 {Zeit} 1-0

[Event "32. Kieler Open 2019 B-Open"]
[Site "Kiel"]
[Date "2019.07.29"]
[Round "5.2"]
[White "Bendixen, Matthes"]
[Black "Kageler, Anton Paul"]
[Result "1-0"]
[WhiteElo "1645"]
[BlackElo "1601"]
[Annotator "HJH"]
[PlyCount "71"]
[EventDate "2019.??.??"]
[WhiteTeam "Schleswiger SV"]
[BlackTeam "SV Roter Turm Halle"]

1. d4 Nf6 2. c4 g6 3. Nc3 Bg7 4. Nf3 O-O 5. g3 d6 6. Bg2 Nbd7 7. O-O e5 8.
b3 Re8 9. Bb2 a6 10. dxe5 dxe5 11. Nd2 Rb8 12. b4 Nb6 13. Qc2 Bf5 14. e4 Be6
15. c5 Nc4 16. Nxc4 Bxc4 17. Rfd1 Qc8 18. Nd5 Bxd5 19. exd5 Qg4 20. a3 Qd7 21.
c6 bxc6 22. dxc6 Qe6 23. Bf1 Rb6 24. Rac1 Bh6 25. f4 Ng4 26. Qc4 Qxc4 27. Bxc4
Ne3 28. Rd7 Nxc4 29. Rxc4 exf4 30. gxf4 Rc8 31. Be5 Rbb8 32. Bxc7 Ra8 33. Bb6
Bxf4 34. Rxf4 Rxc6 35. Bc5 a5 36. Rfxf7 1-0

[Event "32. Kieler Open 2019 B-Open"]
[Site "Kiel"]
[Date "2019.07.29"]
[Round "5.3"]
[White "Zechel, Rolf-Rüdiger"]
[Black "Hentrop, Malte"]
[Result "0-1"]
[WhiteElo "1651"]
[BlackElo "1805"]
[Annotator "HJH"]
[PlyCount "42"]
[EventDate "2019.??.??"]
[WhiteTeam "SK Kaltenkirchen"]
[BlackTeam "Findorffer Sfr"]

1. d4 d5 2. Bf4 Nf6 3. e3 e6 4. Bd3 Bd6 5. Bg3 c6 6. Nd2 Qc7
7. Ngf3 Nbd7 8. Qe2 O-O 9. e4 e5 10. O-O dxe4 11. Nxe4 Nxe4 12. Bxe4 exd4 13.
Nxd4 Nf6 14. Bxd6 Qxd6 15. Rad1 Qf4 16. Bf3 Re8 17. Qd3 Bg4 18. Rfe1 Rxe1+ 19.
Rxe1 Rd8 20. g3 Qxd4 21. Qxd4 Rxd4 0-1

[Event "32. Kieler Open 2019 B-Open"]
[Site "Kiel"]
[Date "2019.07.29"]
[Round "5.4"]
[White "Plichta, Hans-Reiner"]
[Black "Reimer, Eugen"]
[Result "1/2-1/2"]
[WhiteElo "1765"]
[BlackElo "1554"]
[Annotator "HJH"]
[PlyCount "45"]
[EventDate "2019.??.??"]
[WhiteTeam "Kieler SG"]
[BlackTeam "Flintbek"]

1. d4 d5 2. c4 e5 3. dxe5 d4 4. Nf3 Nc6 5. g3 Be6 6. Nbd2 Qd7 7. Bg2 O-O-O 8.
O-O Be7 9. a3 Nh6 10. b4 Ng4 11. Bb2 Ncxe5 12. Bxd4 Bf6 13. Bxe5 Nxe5 14. Rc1
Nxc4 15. Nxc4 Qxd1 16. Nb6+ axb6 17. Rfxd1 Bb2 18. Rb1 Rxd1+ 19. Rxd1 Rd8 20.
Rxd8+ Kxd8 21. Ng5 Bxa3 22. Nxe6+ fxe6 23. b5 1/2-1/2

[Event "32. Kieler Open 2019 B-Open"]
[Site "Kiel"]
[Date "2019.07.29"]
[Round "5.5"]
[White "Gerigk, Daniel"]
[Black "Johlke, Lorenz"]
[Result "1/2-1/2"]
[WhiteElo "1701"]
[BlackElo "1602"]
[Annotator "DG"]
[PlyCount "102"]
[EventDate "2019.??.??"]
[WhiteTeam "Stadtverw. Bonn"]
[BlackTeam "SG Jasmund"]

1. e4 e5 2. Nf3 f5 3. Nxe5 Qf6 4. d4 d6 5. Nf3 fxe4 6.
Bg5 Qg6 7. Qe2 Be7 8. Bxe7 Nxe7 9. Nh4 Qg5 10. Nd2 Qxh4 11. g3 Qg4 12. Qc4 Nbc6
13. Bg2 d5 14. Qb5 a6 15. Qc5 Be6 16. h3 Qf5 17. Rf1 O-O-O 18. O-O-O Qf6 19.
Nb3 Kb8 20. Kb1 Bf7 21. Qc3 Nf5 22. Rd2 Rhe8 23. Re1 Nd6 24. Nc5 Nc4 25. Rdd1
Ka7 26. Bf1 b6 27. Nxa6 Kxa6 28. b3 Kb7 29. bxc4 dxc4 30. Bg2 Bd5 31. Qe3 Qg6
32. c3 Re7 33. Rd2 Rde8 34. Ka1 Nd8 35. Rb1 Nf7 36. h4 Nh6 37. Rb5 c6 38. Rb1
Ng4 39. Qe2 e3 40. Rdb2 b5 41. Bxd5 exf2 42. Rxb5+ Kc7 43. Qxc4 Rc8 44. Bxc6
Qxc6 45. Rc5 Kd6 46. Rxc6+ Rxc6 47. Qb4+ Kd7 48. d5 Rf6 49. Qxg4+ Ke8 50. Rb8+
Kf7 51. Qh5+ Rg6 1/2-1/2

[Event "32. Kieler Open 2019 B-Open"]
[Site "Kiel"]
[Date "2019.07.29"]
[Round "5.6"]
[White "Suliga, Eckhard"]
[Black "Bräutigam, Alexander"]
[Result "1/2-1/2"]
[WhiteElo "1682"]
[BlackElo "1558"]
[Annotator "HJH"]
[PlyCount "91"]
[EventDate "2019.??.??"]
[WhiteTeam "Turm Lüneburg"]
[BlackTeam "Rendsburg"]

1. e4 c5 2. d4 cxd4 3. Qxd4 Nc6 4. Qa4 Qa5+ 5. Qxa5 Nxa5
6. Nf3 d6 7. Bd2 Nc6 8. Nc3 Nf6 9. Be2 a6 10. O-O-O g6 11. Nd5 Nxd5 12. exd5
Na7 13. Bc3 Bh6+ 14. Kb1 Rg8 15. Rhe1 Bg7 16. Bb4 Bf5 17. Bd3 Bxd3 18. Rxd3 Kd7
19. Rde3 Bf6 20. Bc3 Rae8 21. Bxf6 exf6 22. Rxe8 Rxe8 23. Rxe8 Kxe8 24. c4 Nc8
25. h4 h5 26. Kc2 Ne7 27. Nd4 Kd7 28. Kd3 Ng8 29. b4 f5 30. g3 Nf6 31. f3 Kc7
32. Ne2 Nd7 33. f4 Nf6 34. Nc3 b6 35. Kd4 Nd7 36. a4 Kb7 37. a5 bxa5 38. bxa5
Nc5 39. Ne2 Nb3+ 40. Kc3 Nxa5 41. Kb4 Kb6 42. Nc3 Nb7 43. Na4+ Kc7 44. Kc3 Kb8
45. Kb4 Kc7 46. Kc3 1/2-1/2

[Event "32. Kieler Open 2019 B-Open"]
[Site "Kiel"]
[Date "2019.07.29"]
[Round "5.7"]
[White "Bahr, Arne"]
[Black "Götz, Dirk"]
[Result "0-1"]
[WhiteElo "1667"]
[BlackElo "1766"]
[Annotator "HJH"]
[PlyCount "110"]
[EventDate "2019.??.??"]
[WhiteTeam "Turm Kiel"]
[BlackTeam "SG Kiel v. 1952"]

1. Nc3 e6 2. f4 b6 3. Nf3 Bb7 4. e3 Nf6 5. b3 Be7 6. Bb2 O-O 7. Bd3 c5 8. O-O
d6 9. Ne2 Nbd7 10. Ng3 Re8 11. c4 Qc7 12. Bc2 Rad8 13. d4 cxd4 14. Nxd4 a6 15.
e4 d5 16. e5 Ne4 17. cxd5 Nxg3 18. hxg3 Bxd5 19. Rc1 Qb7 20. Qe2 Bc5 21. Kh2
Nf8 22. Nf3 Bc6 23. Bd3 Rd7 24. Bxa6 Qa8 25. Bc4 Red8 26. Bc3 Qb8 27. b4 Bxf3
28. Rxf3 Be7 29. Bb5 Rc7 30. Bb2 Bxb4 31. Rxc7 Qxc7 32. Qc4 Bc5 33. Rd3 Rc8 34.
Ba6 Rb8 35. Bb5 Qe7 36. a4 Rc8 37. Qe4 h5 38. Bd4 h4 39. Bxc5 hxg3+ 40. Kxg3
Rxc5 41. Qa8 Rc1 42. Qd8 Qb4 43. Qxb6 Rf1 44. Qe3 Rh1 45. Rb3 Qe7 46. Kf2 Qc7
47. Rc3 Qe7 48. Rc8 Qb4 49. Kg3 Qe7 50. Kf2 Qb4 51. Rd8 Qb1 52. Kg3 Qg6+ 53.
Kf2 Qh5 54. Be2 $4 Qh4+ 55. Qg3 Qxd8 0-1

[Event "32. Kieler Open 2019 B-Open"]
[Site "Kiel"]
[Date "2019.07.29"]
[Round "5.8"]
[White "Wieser, Hans-Joachim"]
[Black "Eberhardt, Michael"]
[Result "1-0"]
[WhiteElo "1556"]
[BlackElo "1761"]
[Annotator "HJH"]
[PlyCount "57"]
[EventDate "2019.??.??"]
[WhiteTeam "Flintbek"]
[BlackTeam "Agon Neumünster"]

1. e4 d5 2. exd5 Nf6 3. d4 Bg4 4. Be2 Bxe2 5. Nxe2 Qxd5 6. O-O Nc6 7. Nbc3 Qd7
8. Bf4 O-O-O 9. Qc1 e6 10. Qe3 Bd6 11. Rfd1 Bxf4 12. Qxf4 Qd6 13. Qg5 Rhg8 14.
a3 h6 15. Qh4 a6 16. Qh3 Kb8 17. b4 g5 18. Qf3 Qe7 19. b5 axb5 20. Nxb5 Na7 21.
Rdb1 Nxb5 22. Rxb5 Rd5 23. Rb4 b6 24. Rab1 Rf5 25. Qc6 Qd7 26. Rxb6+ cxb6 27.
Rxb6+ Ka7 28. Ra6+ Kb8 29. Ra8# 1-0

[Event "32. Kieler Open 2019 B-Open"]
[Site "Kiel"]
[Date "2019.07.29"]
[Round "5.9"]
[White "Behrendt, Matthias"]
[Black "Beyer, Mirko"]
[Result "1-0"]
[WhiteElo "1747"]
[BlackElo "1675"]
[Annotator "HJH"]
[PlyCount "105"]
[EventDate "2019.??.??"]
[WhiteTeam "SC Agon Neumünster"]
[BlackTeam " Eckernförder SC"]

1. d4 e6 2. c4 f5 3. g3 Nf6 4. Bg2 Be7 5. Nc3 c6 6. Nf3 d6 7. O-O O-O 8. b3 Na6
9. Qc2 Nc7 10. a4 a5 11. Ba3 Bd7 12. Ne1 Qe8 13. d5 cxd5 14. cxd5 e5 15. Rd1
Rc8 16. Qb2 Qh5 17. Nd3 Ng4 18. h3 Nh6 19. Nxe5 Be8 20. Nf3 Rf6 21. Rd4 Qf7 22.
Ng5 Qf8 23. Ne6 Nxe6 24. dxe6 Bc6 25. Nd5 Rxe6 26. Nxe7+ Qxe7 27. Rc1 Rxe2 28.
Qb1 Rd8 29. Bf1 Re4 30. Bc4+ Kh8 31. Rcd1 Rxd4 32. Rxd4 Qe5 33. Bb2 Qe7 34. Rh4
d5 35. Bf1 Kg8 36. Bc1 Qe1 37. Qc2 Rd6 38. Bd2 Qe6 39. Bf4 Rd7 40. Bxh6 gxh6
41. Qd2 Kg7 42. Qxa5 Qf6 43. Qd2 Rd6 44. Qd4 Qxd4 45. Rxd4 Re6 46. Bg2 Re1+ 47.
Kh2 Re2 48. Bxd5 Bxd5 49. Rxd5 Rxf2+ 50. Kg1 Rf3 51. Rd7+ Kg6 52. Rxb7 Rxg3+
53. Kh2 {Weiß gewinnt nach 78 Zügen} 1-0

[Event "32. Kieler Open 2019 B-Open"]
[Site "Kiel"]
[Date "2019.07.29"]
[Round "5.10"]
[White "Malinowsky, Levi"]
[Black "Zielke, Bernd"]
[Result "1/2-1/2"]
[WhiteElo "1418"]
[BlackElo "1707"]
[Annotator "HJH"]
[PlyCount "120"]
[EventDate "2019.??.??"]
[WhiteTeam "Doppelbauer Kiel"]
[BlackTeam "Kieler SG"]

1. e4 c5 2. Nf3 Nc6 3. d4 cxd4 4. Nxd4 e6 5. Nc3 a6 6. Nb3 Nf6 7. Bd3 Be7 8.
O-O O-O 9. Be3 b5 10. a3 Bb7 11. f4 d6 12. Qf3 Qc7 13. Qh3 e5 14. f5 Kh8 15. g4
Ng8 16. Nd5 Qd8 17. Qg3 Bg5 18. Bb6 Qd7 19. h4 Bd8 20. Be3 f6 21. c4 Na5 22.
Nxa5 Bxa5 23. b4 Bd8 24. Rfc1 Bxd5 25. cxd5 Rc8 26. Rxc8 Qxc8 27. Rc1 Qb7 28.
Qf2 Rf7 29. Rc6 Rd7 30. Bb6 Ne7 31. Bxd8 Nxc6 32. dxc6 Qxc6 33. Ba5 Rb7 34. Qc2
Qd7 35. Qb3 g6 36. Qd5 Kg7 37. Bc2 Rb8 38. Bb3 Rc8 39. Qd2 Qc6 40. Bd5 Qc1+ 41.
Qxc1 Rxc1+ 42. Kg2 Rc3 43. Bb7 Rxa3 44. Bxa6 gxf5 45. gxf5 Re3 46. Bxb5 Rxe4
47. Bc6 Rxh4 48. b5 Ra4 49. Bc7 Ra2+ 50. Kf3 Ra3+ 51. Ke4 Ra4+ 52. Kd5 Rd4+ 53.
Ke6 e4 54. Bxd6 e3 55. Bf3 Rd2 56. b6 e2 57. Bxe2 Rxe2+ 58. Kd7 Rb2 59. Kc7 Kh6
60. b7 Rxb7+ 1/2-1/2

[Event "32. Kieler Open 2019 B-Open"]
[Site "Kiel"]
[Date "2019.07.29"]
[Round "5.11"]
[White "Wellßow, Keoki"]
[Black "Stieber, Mike"]
[Result "1-0"]
[WhiteElo "1544"]
[BlackElo "1697"]
[Annotator "HJH"]
[PlyCount "95"]
[EventDate "2019.??.??"]
[WhiteTeam "Jasmund 1996"]
[BlackTeam "Rochade Zeulenroda"]

1. c4 e5 2. g3 Nf6 3. Bg2 Nc6 4. Nc3 Bb4 5. Nd5 Be7 6. Nxe7 Nxe7 7. b3 c6 8. e3
Qc7 9. Ne2 d6 10. h3 Be6 11. Bb2 O-O 12. O-O Rad8 13. d4 exd4 14. exd4 d5 15.
c5 Bf5 16. Bc1 Qd7 17. g4 Bg6 18. Bf4 h6 19. Re1 Rfe8 20. Ng3 Kh8 21. Re2 Bh7
22. Qe1 Bd3 23. Re3 Ba6 24. Qa5 Ng6 25. Bc7 Rc8 26. Be5 Re6 27. Nf5 Nxe5 28.
dxe5 Ne8 29. Nd6 Nxd6 30. exd6 Rxe3 31. fxe3 Qd8 32. Qxd8+ Rxd8 33. Bf1 Bxf1
34. Kxf1 Kg8 35. Re1 Kf8 36. e4 dxe4 37. Rxe4 Rd7 38. Kf2 f6 39. Kf3 Kf7 40.
Kf4 Kf8 41. h4 Kf7 42. b4 a6 43. a4 g6 44. Re2 Kf8 45. Rb2 Ke8 46. b5 axb5 47.
axb5 Kd8 $4 48. bxc6 1-0

[Event "32. Kieler Open 2019 B-Open"]
[Site "Kiel"]
[Date "2019.07.29"]
[Round "5.12"]
[White "Jarosch, Wolfram"]
[Black "Welker, Alexandra"]
[Result "1-0"]
[WhiteElo "1691"]
[BlackElo "1339"]
[Annotator "HJH"]
[PlyCount "77"]
[EventDate "2019.??.??"]
[WhiteTeam "Jena"]
[BlackTeam "Makkabi Ffm"]

1. e4 e5 2. f4 exf4 3. Nf3 Nc6 4. d4 d5 5. exd5 Qxd5 6. Nc3 Bb4 7. Be2 Nf6 8.
O-O Bxc3 9. bxc3 O-O 10. Bxf4 Qd8 11. Qd3 Bg4 12. Rae1 Re8 13. Ne5 Bxe2 14.
Rxe2 Nxe5 15. Bxe5 Ng4 16. Qf3 Nxe5 17. Rxe5 f6 18. Rxe8+ Qxe8 19. Qxb7 Qc8 20.
Qd5+ Kh8 21. Re1 Rb8 22. Qf7 h6 23. h3 Qf5 24. Qxc7 Rb2 25. Qg3 Rxc2 26. Re7
Qg5 27. Qxg5 hxg5 28. Rxa7 Rxc3 29. d5 Rd3 30. Ra5 Kg8 31. Kf2 Rd2+ 32. Kf3 Kf7
33. a4 Ke7 34. Rb5 Kd6 35. a5 Ra2 36. Ke4 g6 37. Rb6+ Ke7 38. a6 Ra4+ 39. Kd3
1-0

[Event "32. Kieler Open 2019 B-Open"]
[Site "Kiel"]
[Date "2019.07.29"]
[Round "5.13"]
[White "Pick, Max"]
[Black "Priemer, Robert"]
[Result "1-0"]
[WhiteElo "1515"]
[BlackElo "1682"]
[Annotator "HJH"]
[PlyCount "121"]
[EventDate "2019.??.??"]
[WhiteTeam "SK Kerpen"]
[BlackTeam "Agon Neumünster"]

1. d4 d5 2. Nf3 Bf5 3. Bf4 Nd7 4. c4 e6 5. a3 c6 6. Nc3 Ngf6 7. h3 dxc4 8. Nd2
Nd5 9. Bh2 Nxc3 10. bxc3 b5 11. g4 Bg6 12. Bg2 Rc8 13. a4 b4 14. Nxc4 Nb6 15.
Ne5 Nd5 16. c4 Nc3 17. Qd2 Ne4 18. Bxe4 Bxe4 19. Nxf7 Qf6 20. f3 Qxf7 21. fxe4
Be7 22. Qf4 Qxf4 23. Bxf4 O-O 24. Rf1 Rcd8 25. e3 Rd7 26. Ke2 h6 {(=)} 27. Rfd1
Rb7 28. Rac1 b3 29. c5 Rb4 30. Rb1 Rxa4 31. Rxb3 Ra2+ 32. Rd2 Rxd2+ 33. Kxd2
Rd8 34. Rb7 Bxc5 35. Be5 a5 36. Rxg7+ Kf8 37. Rh7 Bb4+ 38. Kc2 Re8 39. Bg7+ Kf7
40. Be5+ Kf8 41. Rxh6 a4 42. Rh8+ Kf7 43. Rxe8 Kxe8 44. h4 a3 45. Kb3 Bd2 46.
h5 Bxe3 47. Bf6 c5 48. dxc5 Bxc5 49. h6 a2 50. Kxa2 Be7 51. Bxe7 Kf7 52. g5 Kg6
53. Kb3 Kh7 54. Kc4 Kg6 55. Kd4 Kf7 56. Ke5 Kg6 57. Kxe6 Kh7 58. Kf7 Kh8 59. h7
Kxh7 60. g6+ Kh8 61. Bf6# 1-0

[Event "32. Kieler Open 2019 B-Open"]
[Site "Kiel"]
[Date "2019.07.29"]
[Round "5.14"]
[White "Gerull, Dirk"]
[Black "Wirtjes, Edzard"]
[Result "1-0"]
[WhiteElo "1815"]
[BlackElo "1601"]
[Annotator "HJH"]
[PlyCount "75"]
[EventDate "2019.??.??"]
[WhiteTeam "VSF Flintbek"]
[BlackTeam "VfR Heisfelde "]

1. d4 Nf6 2. Bf4 g6 3. e3 Bg7 4. c3 d5 5. Bd3 O-O 6. Nf3 b6 7. Nbd2 c5 8. Qc2
c4 9. Be2 Bf5 10. Qd1 Nc6 11. h3 b5 12. g4 Be4 13. Nxe4 Nxe4 14. h4 e6 15. g5
b4 16. Qc2 bxc3 17. O-O cxb2 18. Qxb2 Qa5 19. Qb7 Rfc8 20. h5 Nd8 21. Qd7 Nc6
22. hxg6 hxg6 23. Kg2 Qd8 24. Qb7 Qe7 25. Qxe7 Nxe7 26. Ne5 Bxe5 27. Bxe5 Nxg5
28. Rh1 Nh7 29. Rxh7 f6 30. Rah1 fxe5 31. Rxe7 exd4 32. Bg4 Re8 33. Bxe6+ Kf8
34. Rf7+ Kg8 35. Bxd5 Rad8 36. Bxc4 d3 37. Rxa7+ Kf8 38. Rh8# 1-0

[Event "32. Kieler Open 2019 B-Open"]
[Site "Kiel"]
[Date "2019.07.29"]
[Round "5.15"]
[White "Möller, Rainer"]
[Black "Sowa, Kay"]
[Result "1/2-1/2"]
[WhiteElo "1349"]
[BlackElo "1729"]
[Annotator "HJH"]
[PlyCount "78"]
[EventDate "2019.??.??"]
[WhiteTeam "Büsum"]
[BlackTeam "Doppelbauer Kiel"]

1. e4 g6 2. d4 Bg7 3. Nf3 c5 4. c3 Qb6 5. Qb3 Qc7 6. Bc4 e6 7. O-O Nc6 8. d5
Na5 9. Qa4 Nxc4 10. Qxc4 d6 11. Re1 e5 12. h3 Ne7 13. Nh2 O-O 14. Qe2 f5 15.
Bg5 f4 16. Nd2 h6 17. Bxe7 Qxe7 18. Ndf3 g5 19. Nd2 Rf7 20. f3 Bd7 21. Kf2 h5
22. Rh1 Qd8 23. c4 a6 24. a4 Qa5 25. Qd1 Rb8 26. Ke2 Qb4 27. Qb3 Qxb3 28. Nxb3
b5 29. axb5 axb5 30. Nd2 bxc4 31. Nxc4 Bb5 32. b3 Rfb7 33. Rhc1 Bf8 34. Kf2 Bd7
35. Nd2 Be7 36. Ra3 Bd8 37. Rca1 Bb6 38. Nc4 Bc7 39. Ra7 Bb5 1/2-1/2

[Event "32. Kieler Open 2019 B-Open"]
[Site "Kiel"]
[Date "2019.07.29"]
[Round "5.16"]
[White "Plöger, Elke"]
[Black "Ehrich, Dieter"]
[Result "0-1"]
[WhiteElo "1424"]
[BlackElo "1612"]
[Annotator "HJH"]
[PlyCount "66"]
[EventDate "2019.??.??"]
[WhiteTeam "SG Jasmund"]
[BlackTeam "PSV Ribnitz-Damgarten"]

1. e4 c5 2. Nf3 d6 3. b3 Nf6 4. Nc3 Nc6 5. Bb5 a6 6. Bxc6+ bxc6 7. O-O g6 8. d3
Bg7 9. Rb1 O-O 10. Bb2 Qa5 11. h3 d5 12. e5 Nd7 13. Na4 e6 14. Re1 Qc7 15. d4 {
(=)} cxd4 16. Bxd4 c5 17. Bb2 Bb7 18. Qe2 Bc6 19. c4 Bxa4 20. bxa4 d4 21. Bc1
Rab8 22. Bf4 Rxb1 23. Rxb1 Rb8 24. Rb3 Rxb3 25. axb3 Qb7 26. Qd3 h6 27. h4 Qb8
28. g4 Qb7 29. Kg2 Nxe5 30. Bxe5 Bxe5 31. Kh3 Bb8 32. Kg2 e5 33. Qd2 e4 0-1

[Event "32. Kieler Open 2019 B-Open"]
[Site "Kiel"]
[Date "2019.07.29"]
[Round "5.17"]
[White "Johlke, Lukas"]
[Black "Salwasser, Andrej"]
[Result "1-0"]
[WhiteElo "1584"]
[BlackElo "1287"]
[Annotator "HJH"]
[PlyCount "77"]
[EventDate "2019.??.??"]
[WhiteTeam "SG Jasmund"]
[BlackTeam "SC Rastatt"]

1. e4 e5 2. Nf3 Nc6 3. Bb5 Nf6 4. d3 Bc5 5. O-O h6 6. h3 d6 7. Nc3 a6 8. Ba4
O-O 9. Be3 Bd7 10. Bxc5 dxc5 11. Bxc6 Bxc6 12. Nxe5 Be8 13. Qe2 Nh7 14. Rae1
Ng5 15. Ng4 Qd6 16. f4 Nh7 17. Kh1 Bd7 18. e5 Qg6 19. Nd5 Bxg4 20. Ne7+ Kh8 21.
Nxg6+ fxg6 22. Qxg4 g5 23. f5 Rae8 24. Qc4 b6 25. Qxa6 Rf7 26. Qb7 Rfe7 27. c3
Kg8 28. d4 cxd4 29. cxd4 c5 30. Qxb6 cxd4 31. Qxd4 Nf8 32. Qd5+ Kh7 33. f6 gxf6
34. Rxf6 Kg7 35. Qd6 h5 36. Ref1 Rxe5 37. Rxf8 R8e7 38. Qf6+ Kh7 39. Rh8# 1-0

[Event "32. Kieler Open 2019 B-Open"]
[Site "Kiel"]
[Date "2019.07.29"]
[Round "5.18"]
[White "Friedrich, Heike"]
[Black "Solodky, Willy"]
[Result "1-0"]
[WhiteElo "1155"]
[BlackElo "1483"]
[Annotator "HJH"]
[PlyCount "101"]
[EventDate "2019.??.??"]
[WhiteTeam "Raisdorfer SG"]
[BlackTeam "Itzehoer SV"]

1. e4 e5 2. Nf3 Nc6 3. Bc4 Bc5 4. O-O Qe7 5. d3 Nf6 6. Nc3 O-O 7. Nd5 Qd8 8.
Bg5 Be7 9. Nxe7+ Qxe7 10. c3 d6 11. Re1 h6 12. Bc1 Bg4 13. Re3 Rad8 14. Bd5
Nxd5 15. exd5 Nb8 16. Qe1 Kh7 17. Nd2 f5 18. d4 e4 19. f3 Bh5 20. fxe4 f4 21.
Rh3 Bg6 22. Qh4 Rf6 23. Nf3 Kg8 24. e5 dxe5 25. Nxe5 Qf8 26. Rf3 Be4 27. Rxf4
Rxf4 28. Bxf4 Bxd5 29. Ng6 Qe8 30. Ne7+ Kh7 31. Re1 Qf7 32. Nxd5 Qxd5 33. Re5
Qxa2 34. Qxd8 Qb1+ 35. Kf2 Qxb2+ 36. Re2 Qxc3 37. Qxb8 Qxd4+ 38. Be3 Qf6+ 39.
Kg3 Qg6+ 40. Kf3 Qf5+ 41. Bf4 Qd3+ 42. Re3 Qd5+ 43. Kg3 h5 44. h4 Qd7 45. Qxc7
Qg4+ 46. Kf2 Qxh4+ 47. Bg3 Qf6+ 48. Qf4 Qb2+ 49. Kf3 Qb5 50. Qe4+ Kg8 51. Qe8+
1-0

[Event "32. Kieler Open 2019 B-Open"]
[Site "Kiel"]
[Date "2019.07.29"]
[Round "5.19"]
[White "Schwerdt, Anton Gabriel"]
[Black "Neubert, Conrad"]
[Result "0-1"]
[WhiteElo "1455"]
[BlackElo "1094"]
[Annotator "HJH"]
[PlyCount "80"]
[EventDate "2019.??.??"]
[WhiteTeam "Bad Schwartau"]
[BlackTeam "SF Schwerin"]

1. e4 e6 2. d4 d5 3. exd5 exd5 4. Nf3 Bd6 5. Nc3 Nf6 6. Bg5 c6 7. Be2 h6 8. Bh4
Qb6 9. Rb1 Nbd7 10. a3 a5 11. Qd2 O-O 12. O-O Qc7 13. h3 b5 14. Nd1 Ne4 15. Qe1
g5 16. Bg3 Bxg3 17. fxg3 Ndf6 18. Ne5 Nd7 19. Nxd7 Bxd7 20. g4 c5 21. Bd3 Rae8
22. Bxe4 Rxe4 23. Qf2 cxd4 24. Qf6 Qxc2 25. Qxh6 Re6 26. Qxg5+ Rg6 27. Qc1 Rc8
28. Nf2 {(=)} f5 29. Qxc2 Rxc2 30. Nd3 fxg4 31. Ne5 Rg7 32. Nxd7 Rxd7 33. hxg4
Rg7 34. Rf2 d3 35. Rxc2 dxc2 36. Rc1 Rc7 37. Kf2 b4 38. Ke3 b3 39. Kd4 Kf7 40.
Kxd5 Rd7+ 0-1

[Event "32. Kieler Open 2019 B-Open"]
[Site "Kiel"]
[Date "2019.07.29"]
[Round "5.20"]
[White "Brühl, Rainer"]
[Black "Christensen, Mats"]
[Result "0-1"]
[WhiteElo "1353"]
[BlackElo "1543"]
[Annotator "HJH"]
[PlyCount "65"]
[EventDate "2019.??.??"]
[WhiteTeam "SC Sottrum"]
[BlackTeam "Doppelbauer Kiel"]

1. d4 Nf6 2. Nf3 g6 3. c4 Bg7 4. Nc3 d5 5. cxd5 Nxd5 6. e3 c5 7. Bb5+ Nc6 8.
Bxc6+ bxc6 9. dxc5 Nxc3 10. Qxd8+ Kxd8 11. O-O Ne2+ 12. Kh1 Nxc1 13. Rd1+ Kc7
14. Raxc1 Bg4 15. Rc4 Bxf3 16. gxf3 Rhd8 17. Rb1 Rd2 18. Kg2 Rxb2 19. Rb4 Rxb1
20. Rxb1 Rb8 21. Re1 Rb2 22. f4 Rxa2 23. Kf3 a5 24. Rb1 a4 25. Rb6 a3 26. Ra6
Ra1 27. h3 a2 28. Ra7+ Kb8 29. Ra6 Bc3 30. Ke4 f5+ 31. Kf3 Bb4 32. Rb6+ Kc7 33.
Ra6 0-1

[Event "32. Kieler Open 2019 B-Open"]
[Site "Kiel"]
[Date "2019.07.29"]
[Round "5.21"]
[White "Woltmann, Peter"]
[Black "Kaminski, Thorsten"]
[Result "1-0"]
[WhiteElo "1523"]
[BlackElo "1401"]
[Annotator "HJH"]
[PlyCount "53"]
[EventDate "2019.??.??"]
[WhiteTeam "Raisdorfer SG"]
[BlackTeam "Raisdorfer SG"]

1. e4 e6 2. d4 d5 3. e5 c5 4. c3 cxd4 5. cxd4 Bb4+ 6. Bd2 Bxd2+ 7. Qxd2 Ne7 8.
Nc3 Bd7 9. Nf3 Nbc6 10. Nb5 Nf5 11. g4 Nfxd4 12. Nbxd4 Qb6 13. Bg2 O-O-O 14.
Nxc6 Bxc6 15. O-O h5 16. g5 Rd7 17. Nd4 Rc7 18. a4 Qa6 19. b4 Bxa4 20. b5 Bxb5
21. Rxa6 Bxa6 22. Rc1 Kb8 23. Rxc7 Kxc7 24. Qa5+ Kc8 25. g6 fxg6 26. Nxe6 Re8
27. Qc7# 1-0